Mejores Selecciones Europeas en el Ranking Fifa - Estadísticas

Estadísticas generales
  • Esta prueba ha sido intentada 276 veces
  • La puntuación promedio es 82 de 90
Estadísticas de respuestas
Año Selección % Correcto
2023 España
100%
2022 España
100%
2021 España
100%
2020 España
100%
2019 España
100%
2018 España
100%
2017 España
100%
2016 España
100%
2015 España
100%
2023 Francia
99%
2022 Francia
99%
2021 Francia
99%
2020 Francia
99%
2019 Francia
99%
2018 Francia
99%
2017 Francia
99%
2016 Francia
99%
2023 Bélgica
98%
2022 Bélgica
98%
2021 Bélgica
98%
2020 Bélgica
98%
2019 Bélgica
98%
2018 Bélgica
98%
2017 Bélgica
98%
2016 Bélgica
98%
2015 Bélgica
98%
2023 Alemania
96%
2022 Alemania
96%
2021 Alemania
96%
2020 Alemania
96%
2019 Alemania
96%
2018 Alemania
96%
2017 Alemania
96%
2016 Alemania
96%
2015 Alemania
96%
2023 Inglaterra
96%
2022 Inglaterra
96%
2021 Inglaterra
96%
2020 Inglaterra
96%
2019 Inglaterra
96%
2018 Inglaterra
96%
2017 Inglaterra
96%
2015 Inglaterra
96%
2023 Italia
96%
2022 Italia
96%
2021 Italia
96%
2020 Italia
96%
2019 Italia
96%
2017 Italia
96%
2016 Italia
96%
2023 Portugal
93%
2022 Portugal
93%
2021 Portugal
93%
2020 Portugal
93%
2019 Portugal
93%
2018 Portugal
93%
2017 Portugal
93%
2016 Portugal
93%
2015 Portugal
93%
2023 Países Bajos
90%
2022 Países Bajos
90%
2021 Países Bajos
90%
2020 Países Bajos
90%
2015 Países Bajos
90%
2018 Suecia
88%
2023 Croacia
86%
2022 Croacia
86%
2020 Croacia
86%
2019 Croacia
86%
2018 Croacia
86%
2017 Croacia
86%
2016 Croacia
86%
2015 Croacia
86%
2023 Suiza
83%
2021 Suiza
83%
2020 Suiza
83%
2019 Suiza
83%
2018 Suiza
83%
2017 Suiza
83%
2016 Suiza
83%
2017 Polonia
82%
2016 Polonia
82%
2022 Dinamarca
78%
2021 Dinamarca
78%
2019 Dinamarca
78%
2018 Dinamarca
78%
2015 Rumanía
50%
2016 Gales
45%
2015 Gales
45%
2015 Eslovaquia
36%
No se encontraron pruebas coincidentes
Distribución de puntuación
Porcentaje de gente con cada puntuación
Porcentaje por número respondido
Historial de tus puntuaciones
No has intentado esta prueba.